Statistics for Countries With the Lowest Life Expectancy

Click here to take the quiz!

General Stats

  • This quiz has been taken 27 times
  • The average score is 20 of 24

Answer Stats

Life ExpectancyCountry% Correct
61.322Democratic Republic of the Congo
96%
63.256Niger
96%
62.532Benin
88%
54.896Chad
88%
62.916Gambia
88%
62.32Guinea
88%
55.436Nigeria
88%
55.55Sierra Leone
88%
58.476South Sudan
88%
60.01Cameroon
85%
54.022Central African Republic
85%
60.174Mali
85%
58.06Somalia
85%
61.81Togo
85%
62.372Burundi
81%
59.068Guinea-Bissau
81%
61.884Angola
77%
61.714Mozambique
77%
61.894Zimbabwe
77%
62.568Burkina Faso
73%
59.506Equatorial Guinea
69%
60.702Eswatini
65%
58.448Ivory Coast
65%
55.222Lesotho
65%

Score Distribution

Percentile by Number Answered

Percent of People with Each Score

Your Score History

You have not taken this quiz